| 000 | 00807nam a2200241 a 4500 | ||
|---|---|---|---|
| 001 | 000035078 | ||
| 005 | 20240422203112.0 | ||
| 008 | 111024s1964 mx 000 0 spa d | ||
| 040 |
_aDO-SdBNP _bspa _cBNPHU |
||
| 082 |
_a361.1 _bR961n, 1964 |
||
| 100 | 1 |
_aRussell, Bertrand _945737 |
|
| 240 | 1 | 0 |
_aNew hopes for a changing world _lEspañol |
| 245 | 1 | 0 |
_aNuevas esperanzas para un mundo en transformación / _cBertrand Russell ; traducción de Ramón Ulía. |
| 250 | _a2a ed. | ||
| 260 |
_aMéxico : _bHermes, _c1964. |
||
| 300 |
_a270 p. ; _c18 p. |
||
| 490 | 1 | _aPiragua | |
| 590 | _aPerteneció a la biblioteca personal de Juan Isidro Jimenes Grullón | ||
| 650 | 0 |
_aProblemas sociales _99290 |
|
| 700 | 1 | 2 |
_aUlía, Ramón, _etr. _960738 |
| 910 | _aValidado. Control de calidad MFF | ||
| 049 | _aBNGR | ||
| 999 |
_c34569 _d34569 |
||